Modern database management. / (Record no. 1948)

MARC details
000 -LEADER
fixed length control field 00739nam a22002057a 4500
008 - FIXED-LENGTH DATA ELEMENTS--GENERAL INFORMATION
fixed length control field 120807t xxu||||| |||| 00| 0 eng d
020 ## - INTERNATIONAL STANDARD BOOK NUMBER
International Standard Book Number 9780137130481
050 ## - LIBRARY OF CONGRESS CALL NUMBER
Classification number QA76.9.D3M65
100 ## - MAIN ENTRY--PERSONAL NAME
Personal name Hoffer, Jeffrey A.
245 ## - TITLE STATEMENT
Title Modern database management. /
Statement of responsibility, etc. Jeffrey A. Hoffer, Mary B. Prescott and Heikki Topi
250 ## - EDITION STATEMENT
Edition statement 9th ed.
260 ## - PUBLICATION, DISTRIBUTION, ETC.
Place of publication, distribution, etc. New Jersey:
Name of publisher, distributor, etc. Prentice- Hall,
Date of publication, distribution, etc. 2009.
300 ## - PHYSICAL DESCRIPTION
Extent 729p.;
Other physical details ill.:
Dimensions 26cm.
500 ## - GENERAL NOTE
General note Includes index.
505 ## - FORMATTED CONTENTS NOTE
Formatted contents note Contents: The Context of database management -- Database analysis -- Database design -- Implementation -- Advanced database topics -- Appendices.
650 ## - SUBJECT ADDED ENTRY--TOPICAL TERM
Topical term or geographic name entry element Modern database management.
700 ## - ADDED ENTRY--PERSONAL NAME
Personal name Prescott, Mary B.
700 ## - ADDED ENTRY--PERSONAL NAME
Personal name Topi, Heikki
942 ## - ADDED ENTRY ELEMENTS (KOHA)
Source of classification or shelving scheme Library of Congress Classification
Koha item type Books
Holdings
Withdrawn status Lost status Source of classification or shelving scheme Damaged status Not for loan Home library Current library Shelving location Date acquired Total Checkouts Full call number Barcode Date last seen Copy number Price effective from Koha item type
    Library of Congress Classification     WISCONSIN INTERNATIONAL UNIVERSITY COLLEGE, GHANA - MAIN LIBRARY WISCONSIN INTERNATIONAL UNIVERSITY COLLEGE, GHANA - MAIN LIBRARY General Stacks 07/08/2012   QA76.9.D3M65 4966/12 07/08/2012 1 07/08/2012 Books
    Library of Congress Classification     WISCONSIN INTERNATIONAL UNIVERSITY COLLEGE, GHANA - MAIN LIBRARY WISCONSIN INTERNATIONAL UNIVERSITY COLLEGE, GHANA - MAIN LIBRARY General Stacks 07/08/2012   QA76.9.D3M651 4967/12 07/08/2012 2 07/08/2012 Books
    Library of Congress Classification     WISCONSIN INTERNATIONAL UNIVERSITY COLLEGE, GHANA - MAIN LIBRARY WISCONSIN INTERNATIONAL UNIVERSITY COLLEGE, GHANA - MAIN LIBRARY General Stacks 07/08/2012   QA76.9.D3M652 4968/12 07/08/2012 3 07/08/2012 Books
    Library of Congress Classification     WISCONSIN INTERNATIONAL UNIVERSITY COLLEGE, GHANA - MAIN LIBRARY WISCONSIN INTERNATIONAL UNIVERSITY COLLEGE, GHANA - MAIN LIBRARY General Stacks 07/08/2012   QA76.9.D3M653 4969/12 07/08/2012 4 07/08/2012 Books
    Library of Congress Classification     WISCONSIN INTERNATIONAL UNIVERSITY COLLEGE, GHANA - MAIN LIBRARY WISCONSIN INTERNATIONAL UNIVERSITY COLLEGE, GHANA - MAIN LIBRARY General Stacks 07/08/2012   QA76.9.D3M654 4970/12 07/08/2012 5 07/08/2012 Books

If you have any concerns or questions; kindly contact the library


© Powered by WIUC ICT DIRECTORATE